000 00714nam a2200217 4500
003 OSt
005 20240624024643.0
006 a
008 240624b |||||||| |||| 00| 0 eng d
020 _a9789719900054
040 _aDWCL-Main lib.
_cOC
082 _aFil. 174 S187e 2011
100 _aSambajon, Marvin Julian L., Jr.
245 _aEthics for educators: a college textbook for teacher educators in all areas of discipline /
260 _aQuezon City:
_bC & E Pub., Inc.,
_cc2011.
300 _axvi,
_b341 p. ;
_c22 cm.
504 _aIncludes bibliographical references and index.
650 _a1. Professional ethics.
650 _a2. Teachers-Professional ethics.
942 _2ddc
_n0
_cBK-CIRC
_kCirc.
999 _c1193
_d1193